Krishi Pratibhe (Record no. 142915)
[ view plain ]
| 000 -LEADER | |
|---|---|
| fixed length control field | 00320nam a22001457a 4500 |
| 003 - CONTROL NUMBER IDENTIFIER | |
| control field | OSt |
| 082 ## - DEWEY DECIMAL CLASSIFICATION NUMBER | |
| Classification number | 630 |
| Item number | HIR/KR |
| 245 ## - TITLE STATEMENT | |
| Title | Krishi Pratibhe |
| 260 ## - PUBLICATION, DISTRIBUTION, ETC. (IMPRINT) | |
| Place of publication, distribution, etc | Dharwad |
| Name of publisher, distributor, etc | Sonnad |
| Date of publication, distribution, etc | 2000 |
| 300 ## - PHYSICAL DESCRIPTION | |
| Extent | xv, 1054 Pages |
| 700 ## - ADDED ENTRY--PERSONAL NAME | |
| Personal name | Hiremath,K C |
| 700 ## - ADDED ENTRY--PERSONAL NAME | |
| Personal name | Raghavendra Rao, K |
| 700 ## - ADDED ENTRY--PERSONAL NAME | |
| Personal name | Gunjetti, B V |
| 942 ## - ADDED ENTRY ELEMENTS (KOHA) | |
| Source of classification or shelving scheme | Dewey Decimal Classification |
| Koha item type | Books (General) |
| Lost status | Source of classification or shelving scheme | Damaged status | Not for loan | Collection code | Home library | Current library | Shelving location | Date acquired | Total Checkouts | Full call number | Barcode | Date last seen | Koha item type |
|---|---|---|---|---|---|---|---|---|---|---|---|---|---|
| Dewey Decimal Classification | General | KAU Central Library, Thrissur | KAU Central Library, Thrissur | General | 06/05/2016 | 630 HIR/KR | 807574 | 06/05/2016 | Books (General) |
